Statistics for Cities in Florida

Click here to take the quiz!

General Stats

  • This quiz has been taken 323 times
  • The average score is 9 of 13

Answer Stats

HintAnswer% Correct
South FloridaMiami
97%
DisneyworldOrlando
96%
...BayTampa
89%
CapitalTallahassee
88%
North FloridaJacksonville
85%
Tip of FloridaKey West
79%
St. Aug...St. Augustine
78%
Day...BeachDaytona Beach
76%
NASACape Canaveral
56%
West FloridaPensacola
55%
Russian CitySt. Petersburg
51%
West FortFort Myers
38%
BeachWest Palm Beach
27%

Score Distribution

Percentile by Number Answered

Percent of People with Each Score

Your Score History

You have not taken this quiz